Foundations of Banking Risk : (Record no. 17354)
[ view plain ]
| 000 -LEADER | |
|---|---|
| fixed length control field | 01106aam a2200289 a 4500 |
| 001 - CONTROL NUMBER | |
| control field | 014777231 |
| 003 - CONTROL NUMBER IDENTIFIER | |
| control field | Uk |
| 005 - DATE AND TIME OF LATEST TRANSACTION | |
| control field | 20161108133453.0 |
| 008 - FIXED-LENGTH DATA ELEMENTS--GENERAL INFORMATION | |
| fixed length control field | 081001s2009 njua 000 0 eng d |
| 020 ## - INTERNATIONAL STANDARD BOOK NUMBER | |
| International Standard Book Number | 0470442190 (pbk.) |
| 020 ## - INTERNATIONAL STANDARD BOOK NUMBER | |
| International Standard Book Number | 9780470442197 (pbk.) |
| 082 00 - DEWEY DECIMAL CLASSIFICATION NUMBER | |
| Classification number | 332.10681 |
| Edition number | 22 |
| Item number | FOU |
| 245 00 - TITLE STATEMENT | |
| Title | Foundations of Banking Risk : |
| Remainder of title | an Overview of Banking, Banking Risks, and Risk-Based Banking Regulation / |
| Statement of responsibility, etc | by GARP (Global Association of Risk Professionals). |
| 260 ## - PUBLICATION, DISTRIBUTION, ETC. (IMPRINT) | |
| Place of publication, distribution, etc | Hoboken, N.J. : |
| Name of publisher, distributor, etc | Wiley ; |
| Place of publication, distribution, etc | Chichester : |
| Name of publisher, distributor, etc | John Wiley [distributor], |
| Date of publication, distribution, etc | 2009. |
| 300 ## - PHYSICAL DESCRIPTION | |
| Extent | xiii, 249 p. : |
| Other physical details | ill. ; |
| Dimensions | 24 cm. |
| 490 0# - Series Statement | |
| Series statement | Wiley finance |
| 650 #0 - SUBJECT ADDED ENTRY--TOPICAL TERM | |
| Topical term or geographic name as entry element | Banks and banking, International |
| General subdivision | Management. |
| 9 (RLIN) | 32820 |
| 650 #0 - SUBJECT ADDED ENTRY--TOPICAL TERM | |
| Topical term or geographic name as entry element | Risk management. |
| 9 (RLIN) | 32821 |
| 650 #0 - SUBJECT ADDED ENTRY--TOPICAL TERM | |
| Topical term or geographic name as entry element | Banks and banking, International |
| General subdivision | Law and legislation. |
| 9 (RLIN) | 32822 |
| 653 ## - INDEX TERM--UNCONTROLLED | |
| Resource For college | |
| Arrived date list | March2013 |
| 690 7# - LOCAL SUBJECT ADDED ENTRY--TOPICAL TERM (OCLC, RLIN) | |
| Topical term or geographic name as entry element | Management and Business Studies |
| Source of heading or term | blcoll |
| 700 1# - ADDED ENTRY--PERSONAL NAME | |
| Personal name | Went, Peter. |
| 9 (RLIN) | 32825 |
| 710 2# - ADDED ENTRY--CORPORATE NAME | |
| Corporate name or jurisdiction name as entry element | Global Association of Risk Professionals. |
| 9 (RLIN) | 32826 |
| 700 1# - ADDED ENTRY--PERSONAL NAME | |
| 9 (RLIN) | 32823 |
| Personal name | Apostolik, Richard |
| 700 1# - ADDED ENTRY--PERSONAL NAME | |
| 9 (RLIN) | 32824 |
| Personal name | Donohue, Christopher |
| 942 ## - ADDED ENTRY ELEMENTS (KOHA) | |
| Source of classification or shelving scheme | Dewey Decimal Classification |
| Item type | Book - Borrowing |
| Withdrawn status | Item status | Source of classification or shelving scheme | Damaged status | Not for loan | Vendor | Home library | Current library | Shelving location | Date acquired | Source of acquisition | Total Checkouts | Full call number | Barcode | Date last seen | Date last borrowed | Koha item type | Total Renewals | Checked out |
|---|---|---|---|---|---|---|---|---|---|---|---|---|---|---|---|---|---|---|
| Dewey Decimal Classification | Baccah | Central Library | Central Library | First floor | 13/03/2013 | 1 | 332.10681 FOU | 000028474 | 15/07/2025 | 01/04/2013 | NB - Book (Non borrowing) | |||||||
| Dewey Decimal Classification | Baccah | Central Library | Central Library | First floor | 13/03/2013 | 9 | 332.10681 FOU | 000028475 | 15/07/2025 | 20/12/2017 | Book - Borrowing | 31 | ||||||
| Dewey Decimal Classification | Baccah | Central Library | Central Library | First floor | 13/03/2013 | 10 | 332.10681 FOU | 000028476 | 15/07/2025 | 26/11/2017 | Book - Borrowing | 48 | ||||||
| Dewey Decimal Classification | Baccah | Central Library | Central Library | First floor | 13/03/2013 | 10 | 332.10681 FOU | 000028477 | 06/09/2017 | 06/09/2017 | Book - Borrowing | 33 | 14/11/2022 | |||||
| Dewey Decimal Classification | Baccah | Central Library | Central Library | First floor | 18/03/2013 | 5 | 332.10681 FOU | 000028521 | 15/07/2025 | 19/12/2017 | Book - Borrowing | 17 |